Central Library OPAC University of Rajshahi

Grasses in agriculture / (Record no. 68055)

MARC details
000 -LEADER
fixed length control field 00807nam a2200253 a 4500
001 - CONTROL NUMBER
control field 68055
003 - CONTROL NUMBER IDENTIFIER
rucl marc code BD-RjUL
005 - DATE AND TIME OF LATEST TRANSACTION
control field 20211209081727.0
008 - FIXED-LENGTH DATA ELEMENTS--GENERAL INFORMATION
fixed length control field 170330r19651962enkabf b 001 0 eng
035 ## - SYSTEM CONTROL NUMBER
System control number (BD-RjUL)68264
040 ## - CATALOGING SOURCE
Original cataloging agency DLC
Transcribing agency DLC
Modifying agency BD-RjUL
Language of cataloging eng
041 ## - LANGUAGE CODE
Language code of text/sound track or separate title eng
082 00 - DEWEY DECIMAL CLASSIFICATION NUMBER
Classification number 633.202
Edition number 23
Author mark and year WHG 1965
100 1# - MAIN ENTRY--PERSONAL NAME
Personal name Whyte, R. O.
Fuller form of name (Robert Orr),
Dates associated with a name 1903-
9 (RLIN) 201734
245 10 - TITLE STATEMENT
Title Grasses in agriculture /
Statement of responsibility, etc. R. O. Whyte; T R G Moir; J Paccia-Cooper
260 ## - PUBLICATION, DISTRIBUTION, ETC. (IMPRINT)
Place of publication, distribution, etc. Rome :
Name of publisher, distributor, etc. Food and Agriculture Organization of the United Nations,
Date of publication, distribution, etc. 1959, [third printing 1966]
300 ## - PHYSICAL DESCRIPTION
Pagination 417 p. :
Illustrations ill. ;
Size 23 cm.
504 ## - BIBLIOGRAPHY, ETC. NOTE
Bibliography, etc Bibliography: p. 287-299.
650 #0 - SUBJECT ADDED ENTRY--TOPICAL TERM
Topical term or geographic name as entry element Pastures
9 (RLIN) 201735
Topical term or geographic name as entry element Grasses
9 (RLIN) 201736
700 ## - ADDED ENTRY--PERSONAL NAME
Personal name Moir, T R G
Personal name Paccia-Cooper, J
942 ## - ADDED ENTRY ELEMENTS (KOHA)
Source of classification or shelving scheme Dewey Decimal Classification
Koha item type Books
Holdings
Lost status Source of classification or shelving scheme Damaged status Not for loan Collection code Permanent Location Current Location Shelving location Date acquired Source of acquisition Cost, normal purchase price Total Checkouts Full call number Date last seen Copy number Koha item type
  Dewey Decimal Classification   Not For Loan Non-fiction Central Library, University of Rajshahi Central Library, University of Rajshahi Reading Room 30/10/1968 Zeitlinger 20.00   633.202 WHG 1965 30/03/2017 C-1 Books